000 00391nam a2200145Ia 4500
008 231129s1986||||xx |||||||||||||| ||spa||
020 _a958-602-113-0
040 _bspa
082 _a306.7 M851c
100 _aMorgenstern Michael
245 0 _aCómo hacer el amor a una mujer
260 _c1986
264 _aCí­rculo de Lectores
942 _2ddc
_cBKS
999 _c7568
_d7568